LEADER 03845nam 22007332 450 001 9910789549103321 005 20151005020622.0 010 $a1-107-22119-6 010 $a1-139-08882-3 010 $a1-283-12751-2 010 $a9786613127518 010 $a1-139-09261-8 010 $a0-511-79329-4 010 $a1-139-09313-4 010 $a1-139-09210-3 010 $a1-139-09121-2 010 $a1-139-09030-5 035 $a(CKB)2670000000094076 035 $a(EBL)713070 035 $a(OCoLC)729167148 035 $a(SSID)ssj0000524242 035 $a(PQKBManifestationID)11349617 035 $a(PQKBTitleCode)TC0000524242 035 $a(PQKBWorkID)10560777 035 $a(PQKB)10598009 035 $a(UkCbUP)CR9780511793295 035 $a(MiAaPQ)EBC713070 035 $a(Au-PeEL)EBL713070 035 $a(CaPaEBR)ebr10476494 035 $a(CaONFJC)MIL312751 035 $a(EXLCZ)992670000000094076 100 $a20100628d2011|||| uy| 0 101 0 $aeng 135 $aur||||||||||| 181 $ctxt$2rdacontent 182 $cc$2rdamedia 183 $acr$2rdacarrier 200 10$aModernism and popular music /$fRonald Schleifer$b[electronic resource] 210 1$aCambridge :$cCambridge University Press,$d2011. 215 $a1 online resource (xx, 233 pages) $cdigital, PDF file(s) 300 $aTitle from publisher's bibliographic system (viewed on 05 Oct 2015). 311 $a1-107-65530-7 311 $a1-107-00505-1 320 $aIncludes bibliographical references and index. 327 $aIntroduction: popular music and the experience of modernism -- Part I. Musical Modernism: Popular Music in the Time of Jazz: 1. Classical modernity and popular music; 2. Twentieth-century modernism and 'jazz' music -- Part II. Gershwin, Porter, Waller, and Holiday: 3. Melting pot and meeting place: the Gershwin brothers and the arts of quotation; 4. 'What is this thing called love?': Cole Porter and the rhythms of desire; 5. Signifying music: Fats Waller and the time of jazz; 6. Music without composition: Billie Holiday and ensemble performance -- Conclusion: popular music and the revolution of the word. 330 $aTraditionally, ideas about twentieth-century 'modernism' - whether focused on literature, music or the visual arts - have made a distinction between 'high' art and the 'popular' arts of best-selling fiction, jazz and other forms of popular music, and commercial art of one form or another. In Modernism and Popular Music, Ronald Schleifer instead shows how the music of George and Ira Gershwin, Cole Porter, Thomas 'Fats' Waller and Billie Holiday can be considered as artistic expressions equal to those of the traditional high art practices in music and literature. Combining detailed attention to the language and aesthetics of popular music with an examination of its early twentieth-century performance and dissemination through the new technologies of the radio and phonograph, Schleifer explores the 'popularity' of popular music in order to reconsider received and seeming self-evident truths about the differences between high art and popular art and, indeed, about twentieth-century modernism altogether. 517 3 $aModernism & Popular Music 606 $aModernism (Music) 606 $aPopular music$zUnited States$xHistory and criticism 606 $aJazz$xHistory and criticism 615 0$aModernism (Music) 615 0$aPopular music$xHistory and criticism. 615 0$aJazz$xHistory and criticism. 676 $a781.6409/041 686 $aLIT004120$2bisacsh 686 $a9,2$2ssgn 686 $aLR 54600$2rvk 700 $aSchleifer$b Ronald$0156180 801 0$bUkCbUP 801 1$bUkCbUP 906 $aBOOK 912 $a9910789549103321 996 $aModernism and popular music$93831691 997 $aUNINA LEADER 01940nas 2200457 n 450 001 990009071020403321 005 20240229084538.0 011 $a0000-0175 035 $a000907102 035 $aFED01000907102 035 $a(Aleph)000907102FED01 035 $a000907102 091 $2CNR$aP 00022218 100 $a20161109a19659999km-y0itaa50------ba 101 0 $aeng 102 $aUS 110 $aauu-------- 200 1 $aUlrich's international periodicals directory 207 1$a1965- 210 $aNew York$cBowker. 326 $aAnnuale 421 0$12001$aUlrich's quarterly 421 0$12001$aThe Bowker international serials database update 421 0$12001$aUlrich's update 423 0$12001$aIrregular serials and annuals. An international directory 430 0$12001$aUlrich's periodicals directory 530 0 $aUlrich's international periodicals directory 675 $a05 675 $a014 676 $a011 801 0$aIT$bACNP$c20090723 859 4 $uhttp://acnp.cib.unibo.it/cgi-ser/start/it/cnr/dc-p1.tcl?catno=13992&person=false&language=ITALIANO&libr=&libr_th=unina1$zBiblioteche che possiedono il periodico 901 $aSE 912 $a990009071020403321 958 $aBiblioteca Centrale "F. Gasparini". Facoltà di Ingegneria. Università degli Studi di Napoli "Federico II"$b1971-1974;1977-1980;1986-1989;$eU16 02-12$fFINBC FINAG 959 $aFINBC 959 $aFINAG 996 $aUlrich?s international periodicals directory$9104910 997 $aUNINA AP1 8 $6866-01$aNA104 Biblioteca Centrale "F. Gasparini". Facoltà di Ingegneria. Università degli Studi di Napoli "Federico II"$bU16 02-12$ep.le Tecchio,80, 80125 Napoli (NA)$m0817682190;0817682195$m0817682188$nit AP2 40$aacnp.cib.unibo.it$nACNP Italian Union Catalogue of Serials$uhttp://acnp.cib.unibo.it/cgi-ser/start/it/cnr/df-p.tcl?catno=13992&language=ITALIANO&libr=&person=&B=1&libr_th=unina&proposto=NO LEADER 01832nas 2200385 n 450 001 990009042670403321 005 20240229084547.0 011 $a0034-9356 035 $a000904267 035 $aFED01000904267 035 $a(Aleph)000904267FED01 035 $a000904267 091 $2CNR$aP 00021967 100 $a20161109a19669999km-y0itaa50------ba 101 0 $aspa 102 $aES 110 $aauu-------- 200 1 $aRevista española de anestesiología y reanimación 207 1$a1966- 210 $aMadrid$c[s.n.] 530 0 $aRevista española de anestesiología y reanimación 675 $a616-089.5 675 $a616-089.5-039.32 675 $a616-08 712 02$aSociedad Española de Anestesiología y Reanimación 801 0$aIT$bACNP$c20090723 859 4 $uhttp://acnp.cib.unibo.it/cgi-ser/start/it/cnr/dc-p1.tcl?catno=13735&person=false&language=ITALIANO&libr=&libr_th=unina1$zBiblioteche che possiedono il periodico 901 $aSE 912 $a990009042670403321 958 $aBiblioteca. Scienze chirurgiche, anestesiologiche-rianimatorie e dell'emergenza. Sezione di Anestesiologia, rianimazione e terapia intensiva. Università degli studi di Napoli Federico II$b1973-1983;1986-$fDMART 959 $aDMART 996 $aRevista española de anestesiología y reanimación$9787526 997 $aUNINA AP1 8 $6866-01$aNA178 Biblioteca. Scienze chirurgiche, anestesiologiche-rianimatorie e dell'emergenza. Sezione di Anestesiologia, rianimazione e terapia intensiva. Università degli studi di Napoli Federico II$eVia Pansini, 5, Napoli (NA)$m0817463550 / 0817463542$m0815466556$nit AP2 40$aacnp.cib.unibo.it$nACNP Italian Union Catalogue of Serials$uhttp://acnp.cib.unibo.it/cgi-ser/start/it/cnr/df-p.tcl?catno=13735&language=ITALIANO&libr=&person=&B=1&libr_th=unina&proposto=NO